Statistics for Country names fill in the blanks

Click here to take the quiz!

General Stats

  • This quiz has been taken 58 times
  • The average score is 6 of 21

Answer Stats

HintAnswer% Correct
PorcelainFine bone {China}
87%
HQ of the metropolitan police service{Scotland} Yard
72%
Abrupt cessation of substance dependenceCold {Turkey}
65%
Bertholletia excelsa{Brazil} Nut
57%
Branta canadensis{Canada} Goose
57%
Brand of athletic shoeAir {Jordan}
50%
Leaked documents about tax avoidance{Panama} Papers
39%
Epithet of British nationalist movementLittle {England}
26%
Mee Siam{Singapore} Noodles
26%
Cavia porcellus{Guinea} Pig
22%
Australian rugby union footballer{Israel} Folau
20%
Commercial broadcaster launed in 1933, forerunner of pirate radioRadio {Luxembourg}
15%
Where Allan Sherman is atCamp {Grenada}
15%
Eurovision winner 1965{France} Gall
13%
Christian martyr{Saint Lucia} of Syracuse
11%
Wikipedia founderJimmy {Wales}
9%
World's largest predatory shark{Greenland} Shark
7%
Youtube co-founder{Chad} Hurley
7%
Sorghum{Sudan}grass
4%
British actress{India} Fisher
4%
Welsh children's characterSali {Mali}
4%

Score Distribution

Percentile by Number Answered

Percent of People with Each Score

Your Score History

You have not taken this quiz